00328nam a2200109Ia 4500008004000000082001300040100004200053245003900095260004700134300000800181650002900189210210b1991 xxu||||| |||| 00| 0 eng d a248 OSUI aO'SULLIVAN (Patrick) S.J. and others. aIgnatian journey for lay apostles. aGujarat.bGujarat Sahithya Prakash.,c1991 a106 aChristian Experience